Have They Won an Emmy - Sudden Death - Statistics

General Stats
  • This quiz has been taken 91 times
  • The average score is 6 of 19
Answers on the Grid
Answers color-coded by a green-red scale on the quiz's grid according to % correct below.
The Bear
Modern Family
Donald Glover
Rami Malek
Mandy Patinkin
Benedict Cumberbatch
Alan Rickman
Bea Arthur
Jennifer Aniston
Quinta Brunson
Zendaya
Viola Davis
Jodie Foster
I Love Lucy
Sex and the City
Cheers
Law & Order
Mad Men
The Queen's Gambit
Emily in Paris3
Parks and Recreation3
Jason Segel
Steve Carell
Lea Michele
Jennifer Garner
Jane the Virgin
BoJack Horseman
Lauren Graham
Matt LeBlanc
Courteney Cox
 
Answer Stats
Answer % Correct
Modern Family
59%
The Bear
49%
Jennifer Aniston
45%
The Queen's Gambit
45%
Mad Men
43%
Sex and the City
37%
Bea Arthur
35%
Viola Davis
35%
Donald Glover
33%
Jodie Foster
33%
Zendaya
31%
Cheers
29%
Quinta Brunson
29%
Rami Malek
29%
I Love Lucy
25%
Law & Order
24%
Mandy Patinkin
20%
Benedict Cumberbatch
12%
Alan Rickman
8%
No matching quizzes found
Score Distribution
Percent of People with Each Score
Percentile by Number Answered
Your Score History
You have not taken this quiz